00701 a2200193 450000500170000001000130001702000230003003500130005303700160006608200120008210000230009424500690011726000450018627000610023130000220029294200310031499900190034595201430036420240516105423.0 aB-759050 a0195658752c395.00 aB-759050 bGift/Unesco a338.954 aDreze, Jean966259 aIndia Development and Participation/cJean Dreze and Amartya Sen aNew DelhibOxford University Pressc2002 aYMCA Library Building Jai Singh Road bNew Delhie110001 a511 p.c22cm (Hb) adplcEN2ddch338.954mDRE c202873d202873 001040708NFICaAVbAVd2024-05-15eGift/10.5.24g395.00l0o338.954 DREpB-759050r2024-05-15 00:00:00t1v395.00w2024-05-15yENzGift